00695nam a2200241Ia 45000010006000000050017000060070003000230080041000260200018000670400025000850410008001100820022001181000024001402450094001642500014002582600041002723000027003135040010003406530031003506530026003816530024004077000022004311826220240113235837.0ta060116s1986 a g b000 u 465 u a0-80398-014-4 aCotton College,Assam a465 a320.973bMa 28 Am aMaidment, Richard . 0aThe American Political Process /cRichard Maidment and Anthony McGrew.hTextual Documents a1st ed. / aLondon :bSage Publications ,c1986. a217p. :bill ;c22cm . aindex aAmerican Political Process aPolitics-United State aG-Political Science aMcGrew, Anthony .